000 00380nam a2200169 4500
008 190521s1996||||CZ d
100 1 _aVacek Jaroslav
_91110
260 _bMladá frotna
_c1996
_aPraha
245 1 0 _aO nemocech duše
490 _alimited
020 _a8020405356
_c0
250 _a1.vydanie
300 _a415s.
041 1 _acze
044 _aCZ
958 _aA
999 _c22404
_d22404